000 00577nam a2200217Ia 4500
003 0100
008 130303s9999 xx 000 0 und d
020 _a0253350271
040 _cARRUPELIB
050 _aB2799.R4K37 1991
245 _aKant's philosophy of religion reconsidered
260 _aBloomington
260 _bIndiana University Press
260 _C1991
300 _a214p.
300 _b 22cm.
440 _aThe Indiana series in the philosophy of religion
650 _aPHILOSOPHY
700 _aRossi, Philip J. and Wreen, Michael (eds.)
942 0 0 _01
999 _c20180
_d20180